Central Library OPAC University of Rajshahi

Interpreting Histories and Texts : (Record no. 84279)

MARC details
000 -LEADER
fixed length control field 00882nam a2200241 a 4500
001 - CONTROL NUMBER
RUCL Control Number 84279
003 - CONTROL NUMBER IDENTIFIER
rucl marc code BD-RjUL
005 - DATE AND TIME OF LATEST TRANSACTION
control field 20241111122638.0
008 - FIXED-LENGTH DATA ELEMENTS--GENERAL INFORMATION
fixed length control field 241111s2022 bg a|||| m||| 00| 0 eng d
035 ## - SYSTEM CONTROL NUMBER
system control number (BD-RjUL)84279
040 ## - CATALOGING SOURCE
Original cataloging agency BD-RjUL
Language of cataloging eng
Transcribing agency BD-RjUL
Modifying agency BD-RjUL
041 ## - LANGUAGE CODE
Language code of Book eng
082 ## - DEWEY DECIMAL CLASSIFICATION NUMBER
DDC Edition number 23
Classification number 909.042
Author mark and Year AFI 2022
100 ## - MAIN ENTRY--PERSONAL NAME
Personal name Afrin, Natasha
9 (RLIN) 14203
245 10 - TITLE STATEMENT
Title Interpreting Histories and Texts :
Remainder of title Insights from Edward Said /
Statement of responsibility, etc By Natasha Afrin ;
Name of Supervisor/Co-Supervisor Supervisor : A F M Maswood Akhter
260 ## - PUBLICATION, DISTRIBUTION, ETC. (IMPRINT)
Place of publication, distribution, etc Rajshahi :
Name of publisher, distributor, etc Department of English, University of Rajshahi,
Date of publication, distribution, etc 2022
300 ## - PHYSICAL DESCRIPTION
Pagination ix, 254 Leaves :
Other physical details ill, ;
Dimensions 29 cm.
502 ## - DISSERTATION NOTE
Dissertation note Thesis (Ph. D.) -- Department of English, University of Rajshahi, 2022
504 ## - BIBLIOGRAPHY, ETC. NOTE
Bibliography, etc Works Consulted : Leaves [234]-254
650 ## - SUBJECT ADDED ENTRY--TOPICAL TERM
Topical term or geographic name as entry element Histories
Form subdivision Interpreting
9 (RLIN) 14204
700 ## - ADDED ENTRY--SUPERVISOR/CO-SUPERVISOR NAME
Personal name Akhter, A F M Maswood, Supervisor
9 (RLIN) 4649
942 ## - ADDED ENTRY ELEMENTS (KOHA)
Source of classification or shelving scheme Dewey Decimal Classification
Koha item type Theses
Holdings
Source of classification or shelving scheme Damaged status Not for loan Collection code Permanent Location Current Location Shelving location Date of accession Source of acquisition Total Checkouts Full call number Barcode Date last seen Copy number Thesis
Dewey Decimal Classification   Not For Loan Theses Central Library, University of Rajshahi Central Library, University of Rajshahi Documentation Section 03/11/2024 Controller of Exam. R.U.   THE 909.042 AFI 2022 D4954 11/11/2024 C-I Theses